Pays avec sept lettres (avec une carte) - Statistiques

Statistiques générales
  • Ce quiz a été pris 393 fois
    304 depuis la dernière actualisation
  • Le résultat moyen est 183 sur 196
Réponses sur la Carte
Les réponses sont colorées sur une échelle allant du rouge au vert en fonction du pourcentage des utilisateurs qui les ont devinées à leur premier essai. Vous pouvez retrouver ces pourcentages ci-dessous.
 
Statistiques - réponses
Country % Correct
x
100%
Algérie
94%
Espagne
94%
Mexique
92%
Bolivie
88%
Turquie
87%
Pologne
86%
Nigeria
84%
Ukraine
84%
Uruguay
81%
Hongrie
80%
Namibie
80%
Sénégal
80%
Croatie
76%
Norvège
76%
Islande
75%
Ouganda
73%
Irlande
72%
Tunisie
72%
Arménie
69%
Lesotho
68%
Bhoutan
65%
Géorgie
58%
Viêt Nam
58%
Albanie
56%
Estonie
55%
Liberia
52%
Pays-Bas
52%
Somalie
52%
Burundi
50%
Vanuatu
50%
Andorre
49%
Vatican
46%
Bahamas
45%
Comores
40%
Salomon
34%
Bahreïn
33%
Grenade
31%
Barbade
30%
Aucun quiz correspondant
Distribution des résultats
% des personnes avec chaque résultat
Percentile par nombre de réponses
Votre historique - résultats
Vous n’avez pas pris ce quiz depuis la dernière actualisation